UM Logo

Poetika/politika: (Record no. 1589)

MARC details
000 -LEADER
fixed length control field 00498nam a22001457a 4500
008 - FIXED-LENGTH DATA ELEMENTS--GENERAL INFORMATION
fixed length control field 160407b xxu||||| |||| 00| 0 eng d
020 ## - INTERNATIONAL STANDARD BOOK NUMBER
International Standard Book Number 978-971-542-565-0
082 ## - DEWEY DECIMAL CLASSIFICATION NUMBER
Edition number 2008
Classification number DFil 899.211108
Item number L97p
100 ## - MAIN ENTRY--PERSONAL NAME
9 (RLIN) 4957
Personal name Lumbera, Bienvenido.
245 ## - TITLE STATEMENT
Title Poetika/politika:
Remainder of title tinipong tula/
Statement of responsibility, etc. Bienvenido Lumbera.
300 ## - PHYSICAL DESCRIPTION
Extent xvii, 89 pages:
Other physical details illustrations;
Dimensions 26 cm.
650 #0 - SUBJECT ADDED ENTRY--TOPICAL TERM
9 (RLIN) 4958
Topical term or geographic name as entry element Political poetry
General subdivision Filipino.
650 #0 - SUBJECT ADDED ENTRY--TOPICAL TERM
9 (RLIN) 4959
Topical term or geographic name as entry element Philippines
General subdivision Politics and government--Poetry.
942 ## - ADDED ENTRY ELEMENTS (KOHA)
Source of classification or shelving scheme Dewey Decimal Classification
Koha item type Filipiniana
Holdings
Withdrawn status Lost status Source of classification or shelving scheme Damaged status Not for loan Collection code Home library Current library Date acquired Source of acquisition Total Checkouts Full call number Barcode Date last seen Price effective from Koha item type
    Dewey Decimal Classification     Filipiniana UM Digos College - LIC UM Digos College - LIC 10/15/2009 Purchased   DFil 899.211108 L97p 2008 20532 06/08/2021 04/07/2016 Filipiniana